000 00501cam a2200193ua 4500
001 2332
008 110806n ii |||gr||||Z||||||eng
020 _a81-8205-013-8
040 _cMAIN
082 _a370
100 _aPandey, V. C. ,
245 1 _aEmerging challenges og educational system
_cby V. C. Pandey
250 _a1st.
260 _aDelhi:
_bIsha books,
_c2007.
300 _aviii; 284p:
_c23cm.
653 _aEducation
653 _aEmerging challenges og educational system
942 _cBK
999 _c2191
_d2191